000 01012nam a2200229Ia 4500
003 Ost
005 20260507075038.0
008 260507s9999||||xx |||||||||||||| ||und||
020 _a995706147x
040 _cfsecg
041 _aara
082 _a330
100 _aنور، عبد الناصر ابراهيم
_eمؤلف
245 0 _aمحاسبة التكاليف الصناعية /
_c عبد الناصر ابراهيم نور
260 _aعمان:
_bدار المسيرة للنشر والتوزيع,
_c2002
300 _a263 صفحة؛
_bإيضاحات ؛
_c24 سم
504 _aببلوغرافيا ص. 262
520 _aمقدمة في محاسبة التكاليف-أنواع التكاليف-عناصر التكاليف-قوائم الأعمال-نظام تكاليف الأوامر التشغيلية-نظام تكاليف مراحل التشغيل-نظريات التكاليف
653 _aالتكاليف الصناعية
653 _aمحاسبة التكاليف
942 _cكتاب
999 _c42483
_d42483